[Event "France op"]
[Site "France"]
[Date "1994.??.??"]
[Round "5"]
[White "Grasset, Didier"]
[Black "Collonge, Rene"]
[Result "1/2-1/2"]
[WhiteElo "1760"]
[BlackElo "1850"]
[PlyCount "62"]
[EventDate "1994.??.??"]
[EventType "swiss"]
[EventRounds "5"]
[EventCountry "FRA"]
[SourceTitle "EXT 1999"]
[Source "ChessBase"]
[SourceDate "1998.11.16"]
[SourceVersion "1"]
[SourceVersionDate "1998.11.16"]
[SourceQuality "1"]

1. e4 e6 2. d3 d5 3. Nd2 c5 4. g3 Nc6 5. Bg2 g6 6. Ne2 Bg7 7. 0-0 Nge7 8. f4 0-0 9. a3 Rb8 10. Rb1 b5 11. b3 b4 12. a4 Bb7 13. h3 Qc7 14. Qe1 Nd4 15. Qd1 Rbd8 16. Bb2 dxe4 17. Nxd4 Bxd4+ 18. Bxd4 Rxd4 19. Nxe4 Bxe4 20. Bxe4 Rfd8 21. Qe1 Nd5 22. Bxd5 R4xd5 23. Qf2 f5 24. Rbe1 Re8 25. Re3 e5 26. Rfe1 Kf7 27. Qf3 Qd6 28. h4 h5 29. Kh2 Kf6 30. R1e2 Re7 31. Kh3 Re8 1/2-1/2